000 00703nam a22001577a 4500
003 OSt
005 20151206140524.0
008 151206b xxu||||| |||| 00| 0 eng d
040 _cRUA
082 _aATM ជី 1989 B188 Or.1
100 _94401
_aជី សូម៉ាលី
245 _aការរៀបចំឃ្លាំងទីលាននៃបច្ចេកទេសម៉ាស៊ីនកសិកម្មក្នុងខេត្តកណ្ដាលជាមួយនឹងការរៀបចំបរិក្ខាសំរាប់លាបថ្នាំការពារសំណឹក
260 _aPhnom Penh
_bRUA
_c1989
300 _a102p.
_bill.
_c29cm.
942 _2ddc
_cATM
999 _c4103
_d4103